Bands By Guitarist - Statistics

General Stats
  • This quiz has been taken 377 times
  • The average score is 11 of 15
Answer Stats
Hint Answer % Correct
Kurt Cobain Nirvana
98%
George Harrison The Beatles
94%
Angus Young AC/DC
92%
Slash Guns N Roses
92%
Keith Richards The Rolling Stones
92%
Eric Clapton Cream
86%
Billie Joe Armstrong Green Day
84%
Kirk Hammett Metallica
82%
Tony Iommi Black Sabbath
76%
Duane Allman The Allman Brothers
66%
Billy Corgan Smashing Pumpkins
59%
Jerry Garcia The Grateful Dead
57%
Jerry Cantrell Alice in Chains
33%
Mike McCready Pearl Jam
27%
Steve Gaines Lynyrd Skynyrd
16%
No matching quizzes found
Score Distribution
Percent of People with Each Score
Percentile by Number Answered
Your Score History
You have not taken this quiz